Tous les clubs du Championnat de France de rugby à XV - Statistiques

Statistiques générales
  • Ce quiz a été pris 278 fois
    59 depuis la dernière actualisation
  • Le résultat moyen est 58 sur 191
Statistiques - réponses
Dernière
apparition
Première
apparition
Club Meilleur
résultat
% Correct
2026 1908 Stade toulousain Champion (24)
100%
2026 1892 Stade français Champion (14)
91%
2026 1910 RC Toulon Champion (4)
89%
2026 1906 Stade rochelais Finale (2)
89%
2026 1913 Aviron bayonnais Champion (3)
86%
2026 1906 Lyon OU Champion (2)
86%
2026 1923 Section paloise Champion (3)
86%
2022 1922 Biarritz olympique Champion (5)
84%
2023 1913 CA Brive Finale (4)
84%
2026 1892 Racing 92 (Racing CF) Champion (6)
84%
1995 1900 Stade bordelais UC Champion (7)
84%
2026 1922 Castres olympique Champion (5)
82%
2021 1921 SU Agen Champion (8)
82%
2026 1925 US Arlequins Perpignan Champion (4)
82%
2026 1991 Montpellier HR Champion (1)
80%
2026 1926 US Montauban Champion (1)
80%
2025 2025 RC Vannes Poule unique (14ème)
77%
2007 1912 RC Narbonne Champion (2)
75%
1943 1943 Stade clermontois Poules
75%
2005 1920 AS Béziers Champion (11)
73%
1999 1943 RRC Nice Finale (1)
73%
1944 1900 Olympique de Marseille Quart (1)
70%
2009 1920 US Dax Finale (5)
70%
1910 1909 CS Grenoble Quart (1)
68%
2019 1912 FC Grenoble Champion (1)
68%
1994 1922 FC Lourdes Champion (8)
68%
2013 1943 Stade montois Champion (1)
68%
1944 1922 AS Carcassonne Finale (1)
66%
1934 1920 CS Oyonnax Poules
66%
1995 1910 Stadoceste tarbais Champion (2)
66%
1987 1977 US Carcassonne Poules
66%
2024 1945 US Oyonnax Quart (1)
66%
2003 1920 CA Bègles Bordeaux Champion (2)
64%
2010 1923 SC Albi 1/8e (2)
64%
2008 1920 FC Auch Quart (1)
59%
2026 2012 Union Bordeaux Bègles Finale (2)
55%
2004 1989 US Colomiers Finale (1)
55%
2000 1981 RC Nîmes Quart (1)
52%
2026 1926 ASM Clermont Champion (2)
50%
2011 1966 CS Bourgoin-Jallieu Finale (1)
50%
1992 1971 Stade ruthénois 1/16e (1)
50%
1988 1931 Valence sportif Demi (1)
50%
1905 1905 CA Lycée de Nevers Quart (1)
48%
1906 1906 Club Nivernais d'Amateurs 1/8e (1)
48%
2001 1934 Stade aurillacois 1/8e (8)
48%
1961 1906 Stade nantais UC Poules
48%
1987 1925 SC Angoulême Quart (1)
45%
1980 1925 USA Limoges Quart (1)
45%
1982 1968 ES Avignon Saint-Saturnin Quart (1)
43%
1921 1900 Le Havre AC Demi (5)
43%
1944 1924 SO Avignon Poules
43%
1981 1949 SO Chambéry Demi (1)
43%
1997 1904 Stade dijonnais 1/8e (2)
41%
1973 1905 Stade poitevin Quart (1)
41%
1903 1903 UA de Provence 1/8e (1)
41%
1970 1943 US Foix 1/8e (1)
41%
2001 1913 CA Périgueux Quart (4)
39%
1949 1943 SC Millau Poules
39%
1988 1943 SC Tulle Quart (4)
39%
1960 1943 Stade niortais 1/16e (1)
39%
1990 1989 Blagnac SCR Poules
36%
1995 1995 RC Mandelieu Poules
36%
1988 1943 Saint-Jean-de-Luz olympique 1/16e (4)
36%
1977 1956 Stade cadurcien Quart (2)
36%
1975 1947 US Carmaux Champion (1)
36%
1989 1989 FC Villefranche-de-Lauragais Poules
34%
1988 1984 RC Hyères Poules
34%
1992 1927 SC Mazamet Finale (1)
34%
1984 1929 CS Vienne Champion (1)
32%
1991 1920 US Bergerac Poules
32%
1954 1902 US Tours Quart (1)
32%
1973 1943 Olympique de Besançon Poules
30%
1989 1925 Stade bagnérais Finale (2)
30%
1932 1906 SU Lorrain Quart (1)
30%
1953 1926 UA Libourne Demi (1)
30%
1988 1943 US Marmande Poules
30%
1975 1927 US Quillan Champion (1)
30%
1995 1931 US Tyrosse 1/8e (8)
30%
1944 1943 AS Mâcon Poules
27%
1972 1971 CA Sarlat Poules
27%
1945 1922 FC Lézignan Finale (1)
27%
1968 1963 GS Figeac Poules
27%
1987 1952 La Voulte sportif Champion (1)
27%
1978 1943 RC Vichy Quart (3)
27%
1991 1931 US Bressane 1/8e (3)
27%
1978 1921 AS Mérignac 1/16e (3)
25%
1963 1963 CO Espéraza Limoux Poules
25%
1991 1931 FC Oloron 1/8e (4)
25%
1993 1903 RC Chalon Quart (1)
25%
1972 1927 SC Pamiers Poules
25%
1949 1923 FC Moulins Poules
23%
1947 1943 Saint-Denis US Poules
23%
1995 1952 SC Graulhet Demi (4)
23%
1990 1987 SO Voiron Poules
23%
1962 1924 Stade hendayais 1/16e (1)
23%
1987 1921 Stade saint-gaudinois Poules
23%
1979 1979 UA Gaillac Poules
23%
1993 1907 US Cognac Finale (1)
23%
1992 1911 US Romans Péage Demi (3)
23%
1957 1930 AS Roanne Quart (1)
20%
1975 1972 CA Castelsarrasin Poules
20%
1986 1971 Lombez Samatan Poules
20%
1924 1895 Olympique de Paris Champion (1)
20%
1995 1995 Saint-Paul-lès-Dax sports Poules
20%
1972 1938 SC Decazeville Poules
20%
1964 1964 Stade langonnais Poules
20%
1969 1943 Stade montluçonnais Poules
20%
1921 1907 US Le Mans Demi (1)
20%
1958 1945 US Montélimar 1/8e (1)
20%
1995 1992 Avenir valencien Poules
18%
1971 1946 CA Lannemezan 1/8e (1)
18%
1993 1943 CO Le Creusot 1/8e (1)
18%
1944 1943 FC Yonnais Poules
18%
1973 1965 SA Condom 1/16e (2)
18%
1921 1913 SA Rochefort 1/8e (1)
18%
1944 1943 SA Vierzon Poules
18%
1973 1924 AS Soustons Quart (1)
16%
1938 1936 CS Lons-le-Saunier 1/16e (1)
16%
1970 1970 JO Prades Poules
16%
1997 1934 Paris UC Demi (3)
16%
1945 1932 Peyrehorade sports Poules
16%
1977 1969 UA Mimizan Poules
16%
1958 1943 US Orthez Poules
16%
1947 1900 Vélo Sport chartrain Demi (1)
16%
1989 1927 CA Villeneuve-sur-Lot Poules
14%
1956 1952 Céret sportif Poules
14%
1996 1990 FCS Rumilly 1/8e (1)
14%
1991 1984 SA Hagetmau 1/16e (1)
14%
1976 1922 Saint-Girons SC 1/8e (2)
14%
1975 1975 Saint-Médard RC Poules
14%
1979 1943 SA Mauléon Poules
14%
1992 1971 Stade montchaninois Poules
14%
1978 1977 US Salles Poules
14%
1989 1922 Boucau Tarnos stade Quart (2)
11%
1969 1969 ES Gimont Poules
11%
1995 1926 RC Châteaurenard Poules
11%
1986 1949 Stade lavelanétien Demi (1)
11%
1954 1954 FC Aix-les-Bains Poules
9%
1946 1900 FC Lyon Champion (1)
9%
1977 1932 FC Saint-Claude 1/16e (3)
9%
1969 1958 SA Saint-Sever 1/16e (1)
9%
1949 1931 Stade piscenois Demi (1)
9%
1944 1927 SU Cavaillon 1/8e (1)
9%
1949 1949 TOEC TOAC Poules
9%
1971 1920 Toulouse OEC 1/8e (2)
9%
1961 1927 US La Teste-de-Buch Poules
9%
1982 1931 US Thuir 1/8e (2)
9%
1894 1894 AS Asnières Poule
7%
1954 1931 AS Bort-les-Orgues Poules
7%
1914 1913 AS Perpignan Champion (1)
7%
1970 1962 AS Saint-Junien 1/16e (1)
7%
1985 1954 Avenir aturin Poules
7%
1922 1922 Cadets de Gascogne de Casteljaloux Poules
7%
1944 1944 CA Lormont Poules
7%
1894 1893 Cercle pédestre Asnières Demi (2)
7%
1949 1943 Red Star Olympique Poules
7%
1944 1911 SCUF Finale (2)
7%
1933 1931 Stade nayais Poules
7%
1945 1945 Toulouse OAC Poules
7%
1893 1893 Académie Julian Demi (1)
5%
1949 1943 ASPTT Paris Poules
5%
1953 1922 CASG Paris Demi (1)
5%
1899 1895 Cosmopolitan club Poules
5%
1894 1893 International AC (Inter-Nos) Finale (1)
5%
1899 1898 Ligue Athlétique Poules
5%
1906 1905 RC Basse-Indre 1/8e (1)
5%
1944 1943 RC catalan Quart (1)
5%
1914 1910 RC Compiègne Quart (3)
5%
1907 1899 SO Etudiants de Toulouse (SOET) Finale (1)
5%
1978 1963 Stade beaumontois Lomagne Quart (1)
5%
1944 1943 Toulouse olympique Demi (1)
5%
1899 1897 UA du 1er arr. Poules
5%
1949 1932 UA Gujan-Mestras Poules
5%
1897 1896 Union sportive de l'Est Poules
5%
1973 1929 US Fumel Libos Demi (1)
5%
1953 1938 US Métro 1/8e (1)
5%
1933 1920 US Perpignan Champion (2)
5%
1906 1904 Véto-Sport de Toulouse Demi (1)
5%
1938 1922 AS Bayonne 1/8e (1)
2%
1944 1934 AS Tarbes Poules
2%
1947 1947 Avenir biterrois Poules
2%
1946 1931 Bordeaux Etudiants Club Poules
2%
1944 1923 CO Périgueux Ouest Poules
2%
1974 1921 SA Bordeaux Mérignac Demi (1)
2%
1954 1954 SC Rieumes Poules
2%
1946 1943 Société Nautique de Bayonne Poules
2%
1934 1933 SS Primevères Poules
2%
1906 1900 Stade grenoblois Quart (4)
2%
1931 1931 Stade illibérien Poules
2%
1962 1952 US Côte Vermeille Poules
2%
1945 1943 USO Montpellier 1/8e (1)
2%
Aucun quiz correspondant
Distribution des résultats
% des personnes avec chaque résultat
Percentile par nombre de réponses
Votre historique - résultats
Vous n’avez pas pris ce quiz depuis la dernière actualisation